Statistics for Movie by Tagline #5

Click here to take the quiz!

General Stats

  • This quiz has been taken 202 times
    (115 since last reset)
  • The average score is 9 of 14

Answer Stats

HintInitialsAnswer% Correct
Die harder.DH2Die Hard 2
99%
Back in BlackMIB2Men in Black II
95%
Trust a few. Fear the restXMX-men
91%
Some guys just can't handle Vegas.THThe Hangover
86%
A monster science created but could not destroy.FFrankenstein
84%
Whoever said ‘Tomorrow is another day’… didn’t check the weather.TDATThe Day After Tomorrow
79%
You can't handle the tooth.TTFThe Tooth Fairy
76%
Good cops. Bad hair.S&HStarsky & Hutch
64%
The one name they all fear.VHVan Helsing
55%
A Masterpiece Of Modern HorrorTSThe Shining
43%
When he said I do, he didn't say what he did.TLTrue Lies
27%
Collide with destiny.TTitanic
24%
The greatest hero ever assembled.IGInspector Gadget
17%
You know the name. You know the number.GGoldeneye
10%

Score Distribution

Percentile by Number Answered

Percent of People with Each Score

Your Score History

You have not taken this quiz since the last reset